000 01493 a2200349 4500
008 130821s2012 ck gr spa
020 _a9789588755274
040 _aCO-BoUCM
_bspa
_cJavier Garzón
_dHenry Ríos
041 0 0 _aspa
082 0 4 _a344.023
_220
100 1 _aGärtner López, Jhon Armando
_933281
245 1 0 _aIndemnización integral y seguridad social por un mismo hecho en Colombia evolución jurisprudencial
_bCorte Suprema de Justicia y Consejo de Estado
_cJhon Armando Gartnerv López , Hernán Cortés Correa
260 _aPereira (Risaralda, Colombia)
_bUniversidad Libre
_c2012
300 _a99 páginas
504 _aIncluye referencias bibliográficas
650 4 _aIndemnizaciones laborales
_zColombia
_934617
650 4 _aJurisprudencia administrativa
_zColombia
_934618
650 4 _aJurisprudencia civil
_zColombia
_934619
650 4 _aJurisprudencia laboral
_zColombia
_933593
650 4 _aResponsabilidad civil
_zColombia
_934620
650 7 _912465
_aDaños y perjuicios
_zColombia
650 7 _aDerecho civil
_zColombia
_934616
650 7 _aDerecho laboral
_zColombia
_912790
650 7 _aIndemnización judicial
_zColombia
_931267
650 7 _aSeguridad social
_zColombia
_924118
690 _aDerecho administrativo
690 _aDerecho civil
690 _aDerecho laboral
700 1 _aCortés Correa, Hernán
_933286
710 1 _aUniversidad Libre
_bSeccional Pereira
_933231
942 _cLIBRO
_a8
_e1
_mG884
_2DEWEY
_h344.023
999 _c165822
_d165822